000
00507nam a2200181Ia 4500
008
090124s9999 xx 000 0 und d
082
_b
130629
100
_a
कापसे राम
245
_a
जनसंघ ते भाजपा
250
_a
1
260
_c
2001
300
_a
272
600
_a
कापसे राम
630
_a
जनसंघ ते भाजपा
700
_a
कापसे राम
730
_a
जनसंघ ते भाजपा
942
_c
BOOK
999
_c
176718
_d
176718